| 000 | 00586 a2200193 4500 | ||
|---|---|---|---|
| 020 | _a0852975538 (paperback) | ||
| 020 | _a9780852975534 (paperback) | ||
| 090 |
_c4330 _d4330 |
||
| 100 | 1 | _aCowdell, J. | |
| 245 | 1 | 0 |
_aInvestment / _cJ. Cowdell. |
| 250 | _a5Rev Ed ed. | ||
| 260 |
_a[S.l.] : _bFinancial World Publishing, _c2000. |
||
| 300 | _a454 p. | ||
| 490 | 1 | _aAcib/degree link textbook. | |
| 500 | _aImport. | ||
| 830 | 0 | _aAcib/degree link textbook. | |
| 856 | 4 | 0 |
_3Amazon.com _uhttp://www.amazon.com/exec/obidos/ASIN/0852975538/chopaconline-20 |
| 942 |
_aNBS _cBK _k332.6 COW |
||
| 999 |
_c346775 _d346775 |
||